NFL's most unbreakable records in NFL History - Statistics

General Stats
  • This quiz has been taken 80 times
    72 since last reset
  • The average score is 7 of 18
Answer Stats
Records Answer % Correct
Most career receiving records Jerry Rice
83%
149 receptions in one season Michael Thomas
67%
200 career sacks Bruce Smith
66%
7.0 Sacks in 1 game Derrick Thomas
66%
18,355 rushing yards in career Emmitt Smith
66%
297 consecutive starts by a QB Brett Favre
58%
2,105 rushing yards in a single-season Eric Dickerson
58%
26 straight team losses (team) Tampa Bay Buccaneers
52%
26 season NFL seasons played George Blanda
39%
347 coaching victories (coach) Don Shula
36%
18 consecutive road wins (team) San Francisco 49ers
25%
81 career interceptions Paul Krause
22%
336 receiving yards in 1 game Willie Anderson
17%
10 championship appearances in 10 straight seasons Otto Graham
11%
31 touchdowns in a single season for a non QB LaDanian Tomlinson
8%
29 points in one quarter (player) Don Hutson
5%
45 rushing attempts in a single game Jamie Morris
3%
8 interceptions in 1 game Jim Hardy
2%
No matching quizzes found
Score Distribution
Percent of People with Each Score
Percentile by Number Answered
Your Score History
You have not taken this quiz since the last reset